LEADER 01020nam0-22003251i-450- 001 990001015160403321 010 $a3-540-08442-8 035 $a000101516 035 $aFED01000101516 035 $a(Aleph)000101516FED01 035 $a000101516 100 $a20000920d1977----km-y0itay50------ba 101 0 $aeng 200 1 $aFundamentals in Computation Theory$eProceedings of the 1977 International FCT-Conference, Poznan-Kornik, Poland September 19-23, 1977$fEdited by Marek Karpinski 210 $aBerlin [etc.]$cSpringer-Verlag$d1977 225 1 $aLecture notes in computer science$v56 610 0 $aCibernetica 610 0 $aTeoria dei giochi 610 0 $aTeoria degli automi 610 0 $aIntelligenza artificiale 676 $a510.78 700 1$aKarpinski,$bMarek$048135 801 0$aIT$bUNINA$gRICA$2UNIMARC 901 $aBK 912 $a990001015160403321 952 $a8-149$b11019$fFI1 959 $aFI1 996 $aFundamentals in Computation Theory$9355412 997 $aUNINA DB $aING01 LEADER 03232nam 2200613 a 450 001 9910139643503321 005 20230725050806.0 010 $a1-283-17635-1 010 $a9786613176356 010 $a1-118-26666-8 010 $a1-118-08743-7 010 $a1-118-08744-5 035 $a(CKB)2550000000040593 035 $a(EBL)697634 035 $a(OCoLC)811494081 035 $a(SSID)ssj0000534298 035 $a(PQKBManifestationID)11343008 035 $a(PQKBTitleCode)TC0000534298 035 $a(PQKBWorkID)10511490 035 $a(PQKB)10323069 035 $a(OCoLC)747412556 035 $a(MiAaPQ)EBC697634 035 $a(EXLCZ)992550000000040593 100 $a20110204d2011 uy 0 101 0 $aeng 135 $aurcn||||||||| 181 $ctxt 182 $cc 183 $acr 200 10$aBanking and financial institutions$b[electronic resource] $ea guide for directors, investors, and counterparties /$fBenton E. Gup 210 $aHoboken, N.J. $cWiley$d2011 215 $a1 online resource (379 p.) 225 1 $aWiley finance series 300 $aDescription based upon print version of record. 311 $a0-470-87947-5 320 $aIncludes bibliographical references and index. 327 $aBanking and Financial Institutions; Contents; Preface; Acknowledgments; About the Author; CHAPTER 1 Lessons Learned from Banking Crises; CHAPTER 2 The Economic Role of Financial Intermediaries; CHAPTER 3 The Evolving Legal Environment; CHAPTER 4 Asset/Liability Management; CHAPTER 5 Hedging and Risk Management; CHAPTER 6 Commercial and Industrial Loans; CHAPTER 7 Real Estate and Consumer Lending; CHAPTER 8 Bank Capital: Capital Adequacy; CHAPTER 9 Evaluating Bank Performance; CHAPTER 10 Payments Systems; CHAPTER 11 Other Financial Services; CHAPTER 12 A Guide to Islamic Banking 327 $aCHAPTER 13 The View from the Top: Recommendations from a Superintendent of BanksNotes; Glossary; References; Index 330 $a"This book is a breakdown of the structure of banks and how they work for investors and prospective borrowers. Analyzing bank financial statements, such as Uniform Bank Performance Report (UPBRs), requires considerable knowledge of bank operations. Borrowers and other bank customers should need this knowledge of banking in order to facilitate their borrowing/lending process and the pricing of the products that they use. Banking products include traditional loans and deposits, as well as stock brokerage and investments, insurance, payment systems services, wealth management, and other services related to finance are also part of banking and need to be understood in its entirety for efficient bank work flow"--$cProvided by publisher. 410 0$aWiley finance series. 606 $aBanks and banking$zUnited States 606 $aFinancial institutions$zUnited States 615 0$aBanks and banking 615 0$aFinancial institutions 676 $a332.10973 686 $aBUS027000$2bisacsh 700 $aGup$b Benton E$0107604 801 0$bMiAaPQ 801 1$bMiAaPQ 801 2$bMiAaPQ 906 $aBOOK 912 $a9910139643503321 996 $aBanking and financial institutions$92198705 997 $aUNINA LEADER 00992nam 2200349 450 001 9910816933103321 005 20230817193411.0 010 $a1-5475-8624-9 035 $a(CKB)4100000008274866 035 $a(MiAaPQ)EBC5775277 035 $a(EXLCZ)994100000008274866 100 $a20190604d2019 uy 0 101 0 $adut 135 $aurcnu|||||||| 181 $ctxt$2rdacontent 182 $cc$2rdamedia 183 $acr$2rdacarrier 200 13$aDe angsten van jonge ouders /$fGilbert N. Adimora ; vertaler Marlies Perman 210 1$a[Place of publication not identified] :$cBabelcube Books,$d2019. 215 $a1 online resource (63 pages) 606 $aParenting 615 0$aParenting. 676 $a649.1 700 $aAdimora$b Gilbert N.$01672846 702 $aPerman$b Marlies 801 0$bMiAaPQ 801 1$bMiAaPQ 801 2$bMiAaPQ 906 $aBOOK 912 $a9910816933103321 996 $aDe angsten van jonge ouders$94093465 997 $aUNINA